000 00734nam0a22002651 4500
001 2556484
005 20260407072226.0
021 _aRU
_b6146-79
035 _a(NLR Aleph) 006442684
090 _a5657213
_c5657213
100 _a20110316d1979 u y0rusy50 ca
101 0 _arus
102 _aRU
105 _ay z |||||
200 1 _aПоложение об отделении Академии наук СССР
210 _aМосква
_cБ. и.
_d1979
215 _a13 с.
_d21
686 _aЧ214(2)711-12
_2rubbk
710 0 2 _aАН СССР
_3RU\NLR\AUTH\881046
_9272478
801 0 _aRU
_bNLR
_gpsbo
801 1 _aRU
_bELAR
_2rusmarc
852 _aNLR
_jDesideratum
899 _aRuMoRGB
_jB 79-25/562
942 _cBOOK
980 _aNB